|
|
|
|
| LEADER |
02153nam a2200469 a 4500 |
| 001 |
000000037 |
| 005 |
20260219091908.0 |
| 008 |
000320s1727 xo e lat |
| FMT |
|
|
|
| 040 |
|
|
|a SVKKK
|b slo
|c SVKKK
|e AACR2
|
| 041 |
0 |
|
|a lat
|
| 044 |
|
|
|a xo
|c SK
|
| 080 |
|
|
|a 233.1
|
| 080 |
|
|
|a 234.1
|
| 080 |
|
|
|a 234.13
|
| 100 |
1 |
|
|a Tapolčáni, Vavrinec,
|d 1669-1729
|4 aut
|
| 245 |
1 |
0 |
|a Theses Theologicae :
|b Theses Theologicae De Peccatis, Gratia, Et Merito. In Alma Archi-Episcopali Societatis Jesu, Universitate Tyrnavien si A R. P. Laurentio Tapolcsani, E Societate Jesu, SS. Theologiae Doctore, Ejusdémque Universitatis id temporis Cancellario Ex Praelectionibus suis Academicis Elucidatae.
|
| 260 |
|
|
|a Tyrnaviae :
|b Typis Academicis per Fridericum Gall,
|c 1727
|
| 300 |
|
|
|a [2],241,[7] s. [1],A/8-P/8,Q/4 [=125] list.
|c 8°. 16x10 cm.
|
| 500 |
|
|
|a Vineta ornam., linky ozdobné, inic. s ornam. pozadím vo voľ. priestore na 6 r., verz. vo voľ. priestore na 1, 2, 3 r., typograf. ozdoby, kustódy.
|
| 504 |
|
|
|a Na zl. Q/1-Q/4 predmetový register.
|
| 508 |
|
|
|a Na zl. A/1 facultas J. B. Thullnera v závere s textom "Viennae 10. Octobr. Annô 1727"
|
| 510 |
4 |
|
|a Petrik III/584 [pod Tapoltsányi, L.]; Hanakovič III/1295 [pod Tapolcsanyi, L.]; Telgársky 559/4072 [pod Tapolcsányi, L.]; Zelliger 81 [pod Tapolcsányi, L.]
|
| 501 |
|
|
|a Prív 1. k: TAPOLČÁNI, V.: Theses Theologica De Deo Uno Et Trino. Tyrnaviae 1727. 8°.
|
| 653 |
1 |
|
|a dogmatika
|
| 653 |
1 |
|
|a hriechy
|
| 653 |
1 |
|
|a milosť
|
| 653 |
1 |
|
|a teológia
|
| 653 |
1 |
|
|a zásluhy
|
| 653 |
2 |
|
|a učebnice
|
| 700 |
1 |
|
|a Gall, Fridrich Arnold,
|d 1715-1731
|4 prt
|
| 700 |
1 |
|
|a Thullner, Joannes Baptista
|4 lso
|
| 710 |
0 |
|
|a Akademická tlačiareň - Gall, Fridrich Arnold
|c Trnava
|d 1715-1731
|4 prt
|
| 752 |
|
|
|a Slovensko
|d Trnava
|
| 852 |
|
|
|p B 472a prív. 1. PA
|
| 904 |
|
|
|a acf uaakc yyyb 0001
|
| 905 |
|
|
|a bf a1bb
|
| 910 |
|
|
|a svkkk
|
| 997 |
|
|
|a Tapolcsani, Laurentius p. Tapolčáni, Vavrinec
|4 aut
|
| 998 |
|
|
|a TRNTL
|
| BAS |
|
|
|
| LKR |
|
|
|a UP
|b 38
|l HIS01
|n Theses Theologicae De Deo Uno Et Trino
|m Theses Theologicae De Peccatis, Gratia, Et Merito
|